000 01136nam a2200229Ia 4500
003 Ost
005 20260507075034.0
008 260507s9999||||xx |||||||||||||| ||und||
020 _a8425433977
040 _cfsecg
041 _aara
082 _a330
100 _aحماد، طارق عبد العال
_eمؤلف
245 0 _aالتجارة الإلكترونية :
_bمفاهيم- تجارب- التحديات /
_c طارق عبد العال حماد
260 _aالإسكندرية:
_bالدار الجامعية,
_c2003
300 _a841 صفحة؛
_bإيضاحات ؛
_c25 سم
520 _aالأبعاد التكنولوجية للتجارة الإلكترونية- الأبعاد المالية للتجارة الإلكترونية- أبعاد التحول الى التجارة الإلكترونية- الأبعاد الدولية والقاعدة القانونية والأخلاقية و المحاسبية و الضريبية للتجارة الإلكترونية
653 _aالتجارة
653 _aالتجارة الآلية
653 _aالتجارة الإلكترونية
942 _cكتاب
999 _c42432
_d42432